| 000 | 00516nam a2200133Ia 4500 | ||
|---|---|---|---|
| 008 | 220216s9999 xx 000 0 und d | ||
| 100 | _aAlex R | ||
| 245 | 0 | _aDetermination of dry rubber content of natural rubber latex by microwave drying: A novel method | |
| 260 | _bPLACROSYM XIX, 7-10 December 2010, Kottayam. Climate Change. 19th Biennial Symposium on Plantation Crops. Abstracts.pp.146-147. | ||
| 650 | _aDry rubber content | ||
| 650 | _aMicrowave oven drying | ||
| 650 | _aNatural rubber latex | ||
| 942 | _cJS | ||
| 999 |
_c56887 _d56887 |
||